[Event "Konnerud CC-ch"]
[Site "Konnerud"]
[Date "2018.11.10"]
[Round "1"]
[White "Kvalsvik, Geir"]
[Black "Bjorklund, Torfinn"]
[Result "0-1"]
[WhiteElo "1167"]
[BlackElo "1406"]
[PlyCount "90"]
[EventDate "2018.01.10"]
[EventType "swiss"]
[EventRounds "9"]
[EventCountry "NOR"]
[SourceTitle "EXT 2024"]
[Source "ChessBase"]
[SourceDate "2023.10.10"]
[SourceVersion "1"]
[SourceVersionDate "2023.10.10"]
[SourceQuality "1"]

1. e3 d5 2. b3 Nf6 3. Bb2 Nc6 4. Nf3 Bg4 5. Be2 e6 6. d4 Bd6 7. c4 b6 8. cxd5 exd5 9. Bb5 Bd7 10. a3 0-0 11. Nc3 a6 12. Bd3 Re8 13. Qc2 Bg4 14. h3 Bxf3 15. gxf3 Nxd4 16. Qd1 Qd7 17. Ne2 Nxf3+ 18. Kf1 Ne4 19. Bxe4 dxe4 20. Ng1 Qb5+ 21. Ne2 Re6 22. h4 Rg6 23. a4 Qf5 24. Nd4 Qg4 25. Ke2 Nxd4+ 26. Kd2 Nf3+ 27. Kc2 Rc8 28. Qd5 Qe6 29. Qxe6 Rxe6 30. Rad1 a5 31. h5 h6 32. Rh3 Bb4 33. Rg3 Rc6+ 34. Kb1 Bc3 35. Bc1 Rd6 36. Rh1 c5 37. Rg4 f5 38. Rf4 Rd5 39. Kc2 Bf6 40. Rd1 Rcd8 41. Rxd5 Rxd5 42. Ba3 Rd2+ 43. Kb1 Rxf2 44. Bc1 Rf1 45. Kc2 Nd4+ 0-1

[Event "Konnerud CC-ch"]
[Site "Konnerud"]
[Date "2018.04.25"]
[Round "9"]
[White "Bjorklund, Torfinn"]
[Black "Marthinussen, Tias Sebastian Lia"]
[Result "0-1"]
[WhiteElo "1406"]
[BlackElo "1004"]
[PlyCount "23"]
[EventDate "2018.01.10"]
[EventType "swiss"]
[EventRounds "9"]
[EventCountry "NOR"]
[SourceTitle "EXT 2024"]
[Source "ChessBase"]
[SourceDate "2023.10.10"]
[SourceVersion "1"]
[SourceVersionDate "2023.10.10"]
[SourceQuality "1"]

1. d4 e6 2. c4 d5 3. Nc3 Nf6 4. cxd5 exd5 5. Nf3 c5 6. b3 Nc6 7. e3 Bf5 8. Bd3 Ne4 9. Qc2 Nb4 10. Qd1 Nxc3 11. Qd2 Nxd3+ 12. Kf1 0-1

[Event "Konnerud CC-ch"]
[Site "Konnerud"]
[Date "2017.03.29"]
[Round "7"]
[White "Nilsen, Helmer"]
[Black "Bjorklund, Torfinn"]
[Result "0-1"]
[WhiteElo "1555"]
[BlackElo "1457"]
[PlyCount "60"]
[EventDate "2017.01.11"]
[EventType "swiss"]
[EventRounds "9"]
[EventCountry "NOR"]
[SourceTitle "EXT 2024"]
[Source "ChessBase"]
[SourceDate "2023.10.10"]
[SourceVersion "1"]
[SourceVersionDate "2023.10.10"]
[SourceQuality "1"]

1. c4 e5 2. d3 Nf6 3. Nf3 Nc6 4. Nc3 Bc5 5. Bg5 h6 6. Bh4 Be7 7. e4 d6 8. Bxf6 Bxf6 9. Nd5 Bg4 10. h3 Bh5 11. Be2 Bxf3 12. Bxf3 Nd4 13. 0-0 0-0 14. Bg4 c6 15. Nxf6+ Qxf6 16. Qd2 c5 17. f4 exf4 18. Rxf4 Qg5 19. Qf2 h5 20. Bd7 Ne2+ 21. Qxe2 Qxf4 22. Rf1 Qe5 23. Rf5 Qd4+ 24. Kh1 g6 25. Rg5 Qg7 26. Rd5 Qf6 27. e5 dxe5 28. Rxe5 Rad8 29. Re7 Qd4 30. Qd2 Rxd7 0-1

[Event "Konnerud CC-ch"]
[Site "Konnerud"]
[Date "2017.02.01"]
[Round "3"]
[White "Odde, Kent"]
[Black "Bjorklund, Torfinn"]
[Result "1-0"]
[WhiteElo "1448"]
[BlackElo "1457"]
[PlyCount "99"]
[EventDate "2017.01.11"]
[EventType "swiss"]
[EventRounds "9"]
[EventCountry "NOR"]
[SourceTitle "EXT 2024"]
[Source "ChessBase"]
[SourceDate "2023.10.10"]
[SourceVersion "1"]
[SourceVersionDate "2023.10.10"]
[SourceQuality "1"]

1. e4 e5 2. Nf3 Nc6 3. d4 exd4 4. Nxd4 Nf6 5. Nc3 Bb4 6. Nxc6 bxc6 7. Bd3 0-0 8. 0-0 h6 9. Be3 d6 10. h3 Re8 11. Qf3 Be6 12. Rfd1 Nd7 13. Qg3 Qf6 14. a3 Bxc3 15. bxc3 a5 16. Bd4 Ne5 17. f4 Qg6 18. Qxg6 Nxg6 19. f5 c5 20. Bf2 c4 21. Bf1 Ne5 22. fxe6 Rxe6 23. Bg3 Rae8 24. Rd5 Rg6 25. Bxe5 dxe5 26. Rxa5 Rd6 27. Rc5 c6 28. Rxc4 f6 29. a4 Ra8 30. a5 Ra7 31. a6 Kf8 32. Rb4 Rdd7 33. Rb6 Rdc7 34. Bc4 Ke7 35. Ra5 h5 36. g3 Kd6 37. Kf2 Ke7 38. Kf3 Kd6 39. h4 Ke7 40. g4 hxg4+ 41. Kxg4 g6 42. h5 Kf8 43. hxg6 Kg7 44. Kf5 Ra8 45. Ra2 Raa7 46. Rab2 Ra8 47. Rb7 Rac8 48. a7 Rxb7 49. Rxb7+ Kh6 50. Rb8 1-0